00548 2200229 4500001002100000005001500021008004100036020001800077035002500095041000800120082001000128090001000138100002400148245001800172250001600190260003700206300002500243500000700268650000900275650001800284700001600302INLIS00000000001607620130516024707 ind  a979-3084-45-6 a0010-051300000016076 aind a639.3 a639.3 aOentie, Agoes Tiana aBudi Daya Koi aCetakan : 1 aJakartabArgomedia Pustakac2002 ax, 70 hlm. ;23.5 cm. a67 aIkan aPembudidayaan aMurhananto,